| Tag |
First Indicator |
Second Indicator |
Subfields |
| LEADER |
00000cam a2200000 4500 |
| 001 |
in00000054603 |
| 005 |
20151008052051.0 |
| 008 |
750709s1953 nyu b 00000 eng u |
| 010 |
|
|
|a 53012346
|
| 035 |
|
|
|a (OCoLC)01437221
|
| 035 |
|
|
|9 AAH1508AM
|
| 040 |
|
|
|c STU
|d TXA
|d UtOrBLW
|
| 049 |
|
|
|a TXAM
|c [226164]
|
| 050 |
|
0 |
|a HD8072
|b .S67
|
| 092 |
|
|
|a 331.8
|b S666e
|
| 100 |
1 |
|
|a Smuts, Robert W.
|
| 245 |
1 |
0 |
|a European impressions of the American worker.
|
| 264 |
|
1 |
|a New York :
|b King's Crown Press,
|c 1953.
|
| 300 |
|
|
|a ix, 62 pages ;
|c 21 cm.
|
| 336 |
|
|
|a text
|b txt
|2 rdacontent
|
| 337 |
|
|
|a unmediated
|b n
|2 rdamedia
|
| 338 |
|
|
|a volume
|b nc
|2 rdacarrier
|
| 490 |
1 |
|
|a Graduate School of Business, Columbia University. Human resources studies
|
| 504 |
|
|
|a Bibliographical references included in "Notes" (pages 59-62).
|
| 650 |
|
0 |
|a Working class
|z United States.
|
| 650 |
|
0 |
|a Labor movement
|z United States.
|
| 650 |
|
0 |
|a Labor
|z United States.
|
| 810 |
2 |
|
|a Columbia University.
|b Graduate School of Business.
|t Human resources studies.
|
| 999 |
|
|
|a MARS
|
| 999 |
f |
f |
|s 252edea9-e151-33d0-b401-7a7b08dc8807
|i 37dbfb85-9055-35bb-9409-ec969c6732f3
|t 0
|
| 952 |
f |
f |
|p ric
|a Texas A&M University
|b Rellis Campus
|c Joint Library Facility
|d Remote Storage
|t 0
|e HD8072 .S67
|h Library of Congress classification
|i unmediated -- volume
|m A14800721433
|
| 998 |
f |
f |
|a HD8072 .S67
|t 0
|l Remote Storage
|